| 000 | 00983cam a2200253 4500 | ||
|---|---|---|---|
| 001 | ##E134904 | ||
| 008 | 060821n2005 000 0 eng u | ||
| 020 | _a0755926250 | ||
| 035 | _a(Sirsi) u134904 | ||
| 041 | 0 | _aeng | |
| 050 | 0 | 4 | _a711.1 $2 18 |
| 110 | 2 |
_aScotland _bScottish ExecutiveDevelopment Department |
|
| 245 | 0 | 0 |
_aScottish Planning Policy SPP 16 _bopencast coal |
| 260 |
_aEdinburgh _bScottish Executive Development Department _c2005 |
||
| 300 |
_a24p. _c30cm. |
||
| 490 | 0 | _aScottish Planning Policies | |
| 520 | _aSets out the nationl planning policy framework for the working of opencast coal. | ||
| 650 | 2 | 4 | _aSPP16 |
| 651 | 4 |
_aScotland _y1999- |
|
| 690 | _aENVIRONMENTAL AND LAND CONSULTANCY-MINERAL RESOURCE MANAGEMENT | ||
| 690 | _aPROPERTY-INFRASTRUCTURE-POWER AND MINERAL SUPPLY INFRASTRUCTURE | ||
| 856 | 4 | 0 |
_uhttps://www.scotland.gov.uk/Publications/2005/07/13111617/16198 _vView the document free of charge at www.scotland.gov.uk... |
| 942 | _n0 | ||
| 999 |
_c105839 _d105839 |
||